000 00445nam a2200193Ia 4500
005 20250603150011.0
008 250603s9999 xx 000 0 und d
020 _a9780789750006
050 _aTK 7887 .M84/
100 _aMueller, Scott
245 0 _aUpgrading and repairing PC’s
250 _a21st ed.
260 _aIndiana
260 _bPearson Education
260 _c2013
300 _a1107 p
650 _aIndiana
942 _cBK
999 _c43469
_d43469